Statistics for Elements That Start With Vowels

Click here to take the quiz!

General Stats

  • This quiz has been taken 68 times
  • The average score is 12 of 17

Answer Stats

element% Correct
oxygen
94%
aluminium
92%
uranium
92%
argon
90%
einsteinium
88%
arsenic
82%
iodine
78%
iridium
73%
antimony
61%
iron
61%
indium
59%
astatine
53%
osmium
53%
europium
51%
actinium
45%
americium
45%
erbium
41%

Score Distribution

Percentile by Number Answered

Percent of People with Each Score

Your Score History

You have not taken this quiz